000 00601cam a22002174a 4500
005 20250605164311.0
008 250528s ||||||||||||||||||||||||d
035 _a22479
020 _a9789607019400
040 _aGR-AtMCL
_bgre
_dGR-AtMCL
_eAACR2
245 1 _aΣΥΜΒΟΥΛΕΥΤΙΚΗ ΜΕΘΟΔΟΣ ΠΡΑΚΤΙΚΗΣ ΠΡΟΣΕΓΓΙΣΗΣ
250 _a1
260 _bΕλληνικά Γράμματα,
_c1996
300 _a189
700 1 _aGluckstern N.B
_98299
700 1 _aIvey A.E
_98300
700 1 _aIvey M. Bradford
_98301
942 _cBK
999 _c7531
_d7531